| 000 | 00576nam a2200169 a 4500 | ||
|---|---|---|---|
| 008 | 120416s1991 ||||||||||||||||| || u | ||
| 020 | _a0070561702 | ||
| 050 | _aHB 172 Sch | ||
| 100 | _aSchiller, Bradley R., 1943- | ||
| 245 | 1 | 4 | _aThe micro economy today (5th ed.) |
| 250 | _a5th ed. | ||
| 260 |
_aNew York : _bMcGraw-Hill _c1991 |
||
| 300 | _axxvii, 591p. : ill. | ||
| 350 | _a0.00 | ||
| 650 | _aMICROECONOMICS | ||
| 995 |
_D0.00 _FCBU-MAIN LIBRARY (Kitwe) _H1 _I22.95 _M1 _UAVAILABLE _ZMain Library Open Access Collection |
||
| 999 |
_c51088 _d51088 |
||